000 00642nam a22002417a 4500
003 OSt
005 20220924113636.0
006 a|||||r|||| 00| 0
007 ta
008 220923b |||||||| |||| 00| 0 eng d
024 _a134683
037 _cGeneral Books
040 _aARTS
_cARTS
_beng
041 _2eng
_aeng
082 _aXv1:N0, J4-;1 (TTX)
100 _aSchumpeter Joseph
_9120843
245 0 _aEconomic doctrine and method translated by R Aris
260 _c1954
300 _ap.
650 _aECONOMICS
942 _hXv1:N0, J4-;1 (TTX)
_cGB
_2CC
999 _c390304
_d390304